Normal view
MARC view
- Visual basics
Entry Topical Term
001 - CONTROL NUMBER
- control field: 125122
003 - CONTROL NUMBER IDENTIFIER
- control field: NUST
005 - DATE AND TIME OF LATEST TRANSACTION
- control field: 20240813135416.0
008 - FIXED-LENGTH DATA ELEMENTS
- fixed length control field: 240813|| aca||aabn | a|a d
040 ## - CATALOGING SOURCE
- Original cataloging agency: NUST
- Transcribing agency: NUST
150 ## - HEADING--TOPICAL TERM
- Topical term or geographic name entry element: Visual basics
670 ## - SOURCE DATA FOUND
- Source citation: Work cat.: (NUST): Bryon S. Gottfried 125121, Visual basics, 2002.
